[Event "Tata Steel GCT Rapid 2019"]
[Site "Kolkata"]
[Date "2019.11.23"]
[Round "5.1"]
[White "Nepomniachtchi, Ian"]
[Black "Ding, Liren"]
[Result "0-1"]
[WhiteElo "2773"]
[BlackElo "2801"]
[Annotator "TA"]
[PlyCount "94"]
[EventDate "2019.11.22"]
[EventType "tourn"]
[EventCountry "IND"]
[SourceTitle "playchess.com"]
[Source "ChessBase"]
[SourceQuality "1"]

{[%evp 28,94,10,3,10,12,21,0,0,0,0,0,8,-11,-1,-17,-16,-39,-45,-38,-42,-41,-43,-97,-102,-101,-99,-115,-120,-131,-111,-105,-108,-98,-42,-59,-51,-68,-43,-111,-121,-175,-172,-175,-112,-165,-164,-149,-145,-170,-161,-243,-233,-239,-167,-167,-163,-237,-231,-229,-229,-225,-191,-237,-168,-166,-162,-1411,-1357]} 1. e4 e5 2. Nf3 Nc6 3. Bb5 a6 4. Ba4 Nf6 5. O-O Be7 6. Re1 b5 7. Bb3 d6 8. c3 O-O 9. d4 Bg4 10. Be3 exd4 11. cxd4 Na5 12. Bc2 Nc4 13. Bc1 c5 14. b3 Nb6 15. Nbd2 Rc8 {C91: Closed Ruy Lopez: 7...d6 8 c3 0-0 9 d4} (15... Nfd7 16. h3 Bh5 17. a4 bxa4 18. bxa4 a5 19. dxc5 Nxc5 20. Rb1 Re8 21. Rb5 Qc7 22. Bb2 Bf8 23. Qa1 Bg6 {½-½ (88) Nisipeanu,L (2656)-Svidler,P (2729) Khanty-Mansiysk 2019}) 16. h3 Bh5 17. a4 cxd4 {The position is equal.} 18. axb5 axb5 19. Bb2 Nbd7 $146 ({Predecessor:} 19... Nfd7 20. Qb1 Bg6 21. Nxd4 d5 22. Re2 dxe4 23. Bxe4 {1-0 (40) Van der Wiel,J (2522)-Doggers,P (2252) Hoogeveen 2006}) 20. Bxd4 Ne5 21. Bb1 Nfd7 22. Qe2 Bf6 23. g4 Bg6 24. Qxb5 h5 25. Ra7 (25. Qd5 $15) 25... hxg4 $17 26. hxg4 {[#]} Nc6 $1 {[%mdl 64] Double Attack} 27. Ra4 Nxd4 28. Nxd4 Nc5 {...Rb8 is the strong threat.} 29. Rc4 Rb8 30. Qc6 Re8 (30... Bxd4 $17 31. Rxd4 Rb6) 31. e5 {Hoping for Bxg6.} Bxb1 ({Don't blunder} 31... Bxe5 $2 32. Bxg6 Bh2+ 33. Kf1 $18 (33. Kxh2 $2 Qh4+ {[%mdl 64] Double Attack} 34. Kg2 Qxg4+ {[%mdl 64] Double Attack} 35. Kh2 Qh4+ 36. Kg2 Qg4+ {[%mdl 64] Double Attack} 37. Kh2 Qh4+ 38. Kg2 Rxe1 $19)) ({Much worse is} 31... Rxe5 $6 32. Rxe5 Bxb1 33. Rd5 $14) 32. Rxb1 Bxe5 33. N4f3 (33. Qf3 $15) 33... Nd3 $36 {[%mdl 2048] White must now prevent ...d5. Black is really pushing.} 34. g5 (34. Qc7 $17 {is a better defense.}) 34... d5 $19 35. Rh4 {White wants to play Qc2.} g6 (35... Nf4 $19 36. Re1 (36. Qc2 $2 Ng6 $19) 36... Rc8) 36. Qa6 (36. Rd1 $17) 36... Nc5 37. Qf1 Bg7 38. Qh3 Ne4 {Strongly threatening ...Nxd2.} 39. Kg2 (39. Re1 $142) 39... Nxg5 40. Qh2 Nxf3 {[%mdl 64] [#] Discovered Attack} 41. Nxf3 Re4 42. Rd1 (42. Rh1 $142 Rxh4 43. Qxh4) 42... Rxh4 43. Qxh4 Bf6 44. Qa4 Qd6 45. Rc1 d4 {Threatens to win with ...Qe6.} 46. Qc6 Qf4 {aiming for ...Qg4+.} 47. Qd7 $2 (47. Qc7 Qg4+ 48. Qg3 Qxg3+ 49. fxg3) 47... Qxc1 {Accuracy: White = 28%, Black = 69%.} 0-1

[Event "Tata Steel GCT Rapid 2019"]
[Site "Kolkata"]
[Date "2019.11.23"]
[Round "5.2"]
[White "So, Wesley"]
[Black "Vidit, Santosh Gujrathi"]
[Result "1-0"]
[WhiteElo "2760"]
[BlackElo "2722"]
[Annotator "TA"]
[PlyCount "111"]
[EventDate "2019.11.22"]
[EventType "tourn"]
[EventCountry "IND"]
[SourceTitle "playchess.com"]
[Source "ChessBase"]
[SourceQuality "1"]

{[%evp 11,111,1,7,6,0,5,19,21,22,10,6,10,11,0,7,-8,14,0,3,0,8,0,8,5,10,0,4,0,0,-24,-22,-31,0,0,0,0,4,0,0,0,0,0,0,0,0,0,0,0,0,0,0,0,0,0,0,0,0,0,0,0,0,0,0,0,0,0,99,0,0,0,0,0,0,0,0,0,0,0,320,320,320,0,0,0,320,0,0,0,280,0,0,0,313,313,299,297,279,216,29970,29970,29983,29984]} 1. e4 e5 2. Nf3 Nc6 3. Bb5 Nf6 4. d3 Bc5 5. O-O Nd4 6. Nxd4 Bxd4 7. c3 {C65: Ruy Lopez: Berlin Defence (3...Nf6), unusual lines and 4 0-0 Bc5} Bb6 8. Ba4 O-O 9. Bg5 {The position is equal.} h6 10. Bh4 g5 11. Bg3 d6 12. Nd2 Bg4 13. Qe1 {[#]} Be6 $146 ({Predecessor:} 13... Nh5 14. Bd1 Bxd1 15. Qxd1 Nxg3 16. hxg3 {½-½ (47) Caruana,F (2828)-Robson,R (2667) chess.com INT 2019}) 14. Kh1 Nh5 15. Bb3 Qd7 16. Qe2 Bg4 17. f3 Be6 18. Nc4 Kg7 19. Nxb6 axb6 20. d4 {Black must now prevent d5.} Bxb3 21. axb3 f6 22. Bf2 Nf4 23. Qc2 h5 24. Be3 h4 25. Bxf4 exf4 26. h3 Rfe8 27. Kh2 Rxa1 28. Rxa1 $11 {[%mdl 4096] Endgame KQR-KQR} d5 29. Re1 b5 30. Re2 c6 31. Qd3 Re6 32. c4 dxe4 33. Rxe4 Rxe4 34. Qxe4 bxc4 35. bxc4 {KQ-KQ} Qd6 36. c5 Qd7 37. b4 Qf7 38. Qf5 Qe7 (38... Kh6 $11) 39. Qe4 (39. d5 $16) 39... Qf7 40. Qe2 Qd7 41. Qd3 Kf8 42. Qe4 Kg7 43. b5 cxb5 44. d5 b4 $2 {[%mdl 8192] [#]} (44... Qc7 $11) 45. d6 $1 $18 b3 {[#]} 46. Qb4 $2 (46. Qd3 $1 $18 f5 47. Qxb3) 46... Qf7 $11 47. Qd4 Qd7 $2 {[%mdl 8192]} (47... Qe6 $1 $11 {and Black stays safe.}) 48. Qd5 $2 ({White should try} 48. Qd1 $18 b2 49. Qb3) 48... Qf7 $1 {[%cal Rf7d5]} 49. Qd4 Qe8 $2 {[%mdl 8192]} (49... Qd7 $11 {and Black is okay.}) 50. Qb4 $2 ({Only move:} 50. d7 $18 Qd8 51. Qd5 {[%mdl 64] Double Attack}) 50... Qf7 51. Qd2 Qd7 $2 {[%mdl 8192]} (51... Qe6 $11) 52. Qd3 $18 b2 53. Qb3 Qc6 54. Qxb2 Kf7 $2 (54... Kg6 $18 55. Qa2 Qd7 56. Qg8+ Kf5) 55. Qb3+ Kg6 56. Qd3+ {Accuracy: White = 73%, Black = 46%.} 1-0

[Event "Tata Steel GCT Rapid 2019"]
[Site "Kolkata"]
[Date "2019.11.23"]
[Round "5.3"]
[White "Nakamura, Hikaru"]
[Black "Anand, Viswanathan"]
[Result "1/2-1/2"]
[WhiteElo "2741"]
[BlackElo "2757"]
[Annotator "TA"]
[PlyCount "88"]
[EventDate "2019.11.22"]
[EventType "tourn"]
[EventCountry "IND"]
[SourceTitle "playchess.com"]
[Source "ChessBase"]
[SourceQuality "1"]

{[%evp 9,88,14,6,8,8,8,20,9,13,15,18,9,19,19,37,27,43,38,41,50,52,37,63,59,81,83,71,50,84,84,75,52,57,38,69,68,75,66,99,116,99,49,61,0,0,0,0,0,58,0,0,0,0,0,8,0,0,0,0,0,0,0,0,0,0,0,0,0,0,0,0,0,0,0,0,0,0,0,0,0,0]} 1. e4 e5 2. Nf3 Nc6 3. Bb5 Nf6 4. d3 Bc5 5. O-O Nd4 6. Be3 {C65: Ruy Lopez: Berlin Defence (3...Nf6), unusual lines and 4 0-0 Bc5} (6. Nxd4 Bxd4 7. Ba4 O-O 8. c3 Bb6 9. Bg5 h6 10. Bh4 d6 11. Nd2 Bg4 12. Qe1 Be6 13. Bb3 Bxb3 14. axb3 Qe7 15. Nc4 Qe6 16. Bxf6 {½-½ (16) Karjakin,S (2748)-Giri,A (2779) Riga 2019}) 6... Nxf3+ 7. Qxf3 Qe7 8. c3 $146 ({Predecessor:} 8. Bc4 Bxe3 9. Qxe3 O-O 10. Nd2 d6 11. f4 Ng4 12. Qg3 exf4 13. Rxf4 {0-1 (69) Grinberg,E (2472)-Raznikov,D (2494) Dallas 2018}) 8... Bxe3 9. Qxe3 c6 10. Ba4 O-O 11. Nd2 d5 12. Rfe1 d4 {[%mdl 64] [#] Decoy} 13. cxd4 Qb4 14. Bb3 exd4 15. Qe2 Nd7 16. f4 Nc5 17. f5 Nxb3 18. axb3 c5 19. Rf1 f6 20. g4 Bd7 21. Qg2 a5 22. g5 Kh8 23. Rf3 fxg5 24. Qxg5 {Black must now prevent Rg3.} Qb6 25. Kh1 (25. Qe7 {is more complex.} Qd8 26. Qxd8 Rfxd8 27. Nc4 Bc6 28. Rxa5 Rxa5 29. Nxa5 Ra8 30. Nc4) 25... Qf6 26. Qg2 ({White should play} 26. Qf4 $14) 26... g6 $11 27. fxg6 Qxg6 28. Rg3 Qe6 (28... Qh6 $11) 29. Nf3 (29. Rg1 $1 $14 Qf6 30. Rg5) 29... Rg8 {The position is equal.} ({Avoid the trap} 29... Qxb3 $2 30. Rg7 $18) 30. Rg1 {[#] Strongly threatening Ne5!} Rxg3 31. Qxg3 {[%csl Gg1][%cal Rg3g7]} Rg8 32. Ng5 {Intending Qe5+! and mate.} Qe7 33. Qe5+ Rg7 34. Ne6 Bxe6 35. Rxg7 Qxg7 36. Qxe6 {[%mdl 4096] Endgame And now Qc8+ would win. KQ-KQ} Qg5 37. Qc8+ Kg7 38. Qxb7+ Kg6 39. Qc6+ Kh5 40. Qe8+ Kh4 41. Qf7 Qc1+ 42. Kg2 Qg5+ 43. Kh1 Qc1+ 44. Kg2 Qg5+ {Accuracy: White = 74%, Black = 68%.} 1/2-1/2

[Event "Tata Steel GCT Rapid 2019"]
[Site "Kolkata"]
[Date "2019.11.23"]
[Round "5.4"]
[White "Giri, Anish"]
[Black "Carlsen, Magnus"]
[Result "0-1"]
[WhiteElo "2776"]
[BlackElo "2870"]
[Annotator "TA"]
[PlyCount "110"]
[EventDate "2019.11.22"]
[EventType "tourn"]
[EventCountry "IND"]
[SourceTitle "playchess.com"]
[Source "ChessBase"]
[SourceQuality "1"]

{[%evp 10,110,12,14,31,16,20,8,9,0,8,0,16,7,20,7,0,0,16,0,0,0,0,0,0,0,15,0,0,0,0,-12,-19,-77,-75,-84,-73,-84,-76,-82,-38,-77,-35,-44,-42,-39,-18,-65,-83,-97,-97,-67,-87,-103,-102,-125,-146,-278,-230,-237,-237,-300,-271,-408,-402,-585,-568,-609,-543,-29973,-29973,-29977,-12838,-29983,-29984,-29984,-29985,-12845,-12837,-12837,-12838,-12838,-12839,-12839,-12839,-29985,-12838,-29986,-12839,-12839,-12840,-12840,-12841,-12843,-12843,-12844,-12844,-12845,-12845,-12845,-12845,-12845,-12845]} 1. e4 c5 2. Nf3 Nc6 3. Bb5 g6 4. O-O Bg7 5. Bxc6 bxc6 6. Re1 Qc7 {B31: Sicilian: 2...Nc6 3 Bb5 g6} (6... Nh6 7. c3 O-O 8. d4 cxd4 9. cxd4 d5 10. e5 f6 11. exf6 exf6 12. Nbd2 Re8 13. Nb3 Rxe1+ 14. Qxe1 Nf5 15. Bd2 Bd7 16. Nc5 Qc7 17. Rc1 Re8 {½-½ (48) Aronian,L (2758)-Le,Q (2708) Khanty-Mansiysk 2019}) 7. h3 d6 8. c3 Nf6 {The position is equal.} 9. d4 cxd4 10. cxd4 O-O 11. Nc3 Bb7 12. e5 $146 ({Predecessor:} 12. Bf4 Nd7 13. Rc1 Qb6 14. Qd2 Rfd8 15. d5 Nf6 16. dxc6 Bxc6 {½-½ (55) Hajek,O (2061)-Zeman,R (1845) Brno 2014}) 12... dxe5 13. dxe5 Rfd8 14. Qc2 (14. Qa4 {is interesting.} Nh5 15. g4 c5 16. Ne4 Qc8 17. Qc4) 14... Nd5 15. Nxd5 Rxd5 16. e6 {next exf7+ is good for White.} f6 17. Be3 a5 18. Bc5 Ba6 19. Rac1 Bh6 20. Be3 Bxe3 21. Rxe3 (21. fxe3 $11 {remains equal.} Rd6 22. e4) 21... c5 $17 22. Rd1 Rad8 23. Rxd5 Rxd5 24. Qa4 {Intending Qe8+ and mate.} Qd8 25. Re1 Kg7 26. Qc6 $1 {[%cal Rc6a6]} Bd3 27. Nd2 g5 28. Nb3 c4 29. Nc5 {Hoping for Nb7.} Qd6 30. Qxd6 Rxd6 {[%mdl 4096] Endgame KRB-KRN} 31. Rd1 f5 32. f3 Rd5 33. Nxd3 (33. Na4 $17) 33... cxd3 {KR-KR} 34. Kf2 f4 $1 35. Ke1 Re5+ $1 36. Kf1 (36. Kd2 $142 Re2+ {[%mdl 64] Double Attack} 37. Kxd3 Rxg2 38. Rd2 Rxd2+ 39. Kxd2) 36... Re3 $1 $19 37. Re1 (37. b3 $142 Kf6 38. Rb1) 37... Kf6 $1 38. Kf2 Rxe6 39. Rxe6+ Kxe6 {KP-KP} 40. Ke1 Kd5 41. b3 Kd4 42. Kd2 e5 43. a3 h6 44. b4 {[#]} a4 $1 45. Kd1 Kc4 46. Kd2 h5 47. Kd1 {[#]} Kd4 (47... g4 $142 $1 {[%mdl 512]} 48. hxg4 (48. fxg4 e4) 48... hxg4 49. b5 e4 50. b6 gxf3 51. gxf3 exf3 52. Ke1 Kc3 53. Kf2 d2 54. Kxf3 d1=Q+ 55. Kxf4 Qd4+ 56. Kf5 Qxb6 57. Ke5 Kd3 58. Kd5 Qf6 59. Kc5 Qe6 60. Kb4 Qc6 61. Ka5 Qb7 62. Kxa4 Kc4 63. Ka5 Qb5#) 48. Kd2 h4 (48... e4 $142 49. fxe4 g4 50. e5 gxh3 {[%mdl 64] Overworked Piece} 51. gxh3 f3 52. e6 f2 53. e7 f1=Q 54. e8=Q Qf2+ 55. Kd1 Qc2+ 56. Ke1 d2+ 57. Kf2 d1=Q+ 58. Kg3 Qc7+ 59. Qe5+ Qxe5+ 60. Kg2 Qde2+ 61. Kh1 Q5h2#) 49. b5 {Black is clearly winning.} Kc5 50. Kxd3 Kxb5 51. Ke4 Kc4 52. Kxe5 Kb3 53. Kd4 Kxa3 54. Kc3 Ka2 {( -> ...Ka3)} 55. Kc2 a3 {Accuracy: White = 24%, Black = 71%.} 0-1

[Event "Tata Steel GCT Rapid 2019"]
[Site "Kolkata"]
[Date "2019.11.23"]
[Round "5.5"]
[White "Aronian, Levon"]
[Black "Harikrishna, Pentala"]
[Result "1-0"]
[WhiteElo "2772"]
[BlackElo "2731"]
[Annotator "TA"]
[PlyCount "147"]
[EventDate "2019.11.22"]
[EventType "tourn"]
[EventCountry "IND"]
[SourceTitle "playchess.com"]
[Source "ChessBase"]
[SourceQuality "1"]

{[%evp 26,147,19,22,31,24,36,19,48,43,48,44,45,49,42,50,52,43,39,35,35,33,39,39,44,37,47,37,36,44,42,31,50,44,45,45,65,62,96,75,173,171,214,200,207,212,198,208,208,195,210,119,115,115,115,115,121,86,202,213,273,268,349,344,337,338,308,299,280,258,297,284,299,299,283,297,268,235,270,204,211,215,212,210,201,181,237,237,218,175,222,217,424,422,408,337,321,197,408,408,407,407,425,415,386,297,353,329,594,587,1550,483,532,237,1200,1259,29969,29970,29970,29972,29982,29973,29990,92]} 1. e4 e5 2. Nf3 Nc6 3. Bb5 a6 4. Ba4 Nf6 5. O-O Be7 6. Re1 b5 7. Bb3 O-O 8. c3 d5 9. exd5 Nxd5 10. Nxe5 Nxe5 11. Rxe5 c6 12. Re1 Bd6 13. d3 Bf5 14. Qf3 Qh4 {C89: Closed Ruy Lopez: Marshall Attack} 15. g3 Qh3 16. Bxd5 cxd5 {The position is equal.} 17. Qxd5 Rad8 {With the idea ...Bxg3.} 18. Qg2 Qxg2+ 19. Kxg2 Bxd3 20. Be3 Rfe8 21. Nd2 b4 22. Bb6 {[#]} Rc8 $146 ({Predecessor:} 22... Rxe1 23. Rxe1 {½-½ (38) Shirov,A (2755)-Leko,P (2753) Morelia/Linares 2008}) 23. Ba5 bxc3 24. Bxc3 f6 25. Rad1 Bf8 26. f3 Kf7 27. Ne4 Red8 28. g4 Bc4 29. a3 Bb3 30. Rc1 Rb8 31. h4 Be7 32. h5 Rb5 {[#]} (32... Bd5 $16) 33. Bb4 $1 $18 Bxb4 34. Rc7+ (34. axb4 $6 Kf8 $16) 34... Kf8 35. axb4 Re5 {[#]} 36. h6 $1 {[%mdl 512]} gxh6 37. Rh1 (37. Rxh7 $6 Bc2 $16) 37... f5 {[#]} 38. gxf5 (38. Nc5 $1 $18) 38... Rxf5 $16 39. Rxh6 ({Much worse is} 39. Rxh7 $6 Bd1 $11) 39... Rf7 40. Rc3 Bd5 41. Nc5 Rb8 (41... Kg8 $16) 42. Rd6 $18 ({Worse is} 42. Rxa6 Rxb4 43. b3 Rb5 $14) 42... Ba2 43. Rxa6 Bb1 44. b5 {[%cal Bb4b5,Bb5b6][%mdl 32]} Bf5 45. b6 Rf6 46. Rb3 Rg6+ 47. Kf2 Bc8 48. b7 Rxb7 49. Rxb7 {Intending Rb8! and mate.} (49. Nxb7 Rxa6 50. Nc5 Rc6 $16) 49... Rxa6 50. Rxh7 {[%mdl 4096] Endgame KRB-KRN} ({Not} 50. Nxa6 Bxb7 51. Nc5 Bc6 $14) 50... Rc6 51. b4 Bf5 52. Rh4 Ke7 53. Ke3 Rb6 54. Rd4 Bh3 55. Nd3 Bf5 (55... Rb7 {was worth a try.} 56. Ke4 Rb8) 56. Nf4 {And now Nd5+ would win.} Rb8 57. Kd2 Kf6 58. Kc3 Ra8 $2 (58... Rc8+ 59. Rc4 Rf8) 59. Nd5+ Kg7 60. Rf4 Be6 61. Ne7 Ra3+ $2 (61... Rb8 62. Nf5+ Kg6) 62. Kd4 Bh3 63. Nc6 Rb3 64. Kc5 Bf1 65. Ne5 Rc3+ 66. Kd6 Rb3 $2 (66... Rc8 67. Nc6 Rh8) 67. Ke7 Bh3 68. Rd4 (68. Rh4 $142 Bf5 69. Rh5 Rxb4 70. Rxf5) 68... Re3 69. f4 (69. Rd5 $142) 69... Bf1 $2 (69... Rb3 70. Rd3 Rxd3) 70. Rd1 Bh3 71. Rg1+ {White mates.} Kh7 72. Rg5 Bf1 73. Kf6 Re4 74. Rh5+ {Accuracy: White = 83%, Black = 33%.} 1-0

[Event "Tata Steel GCT Rapid 2019"]
[Site "Kolkata"]
[Date "2019.11.23"]
[Round "6.1"]
[White "So, Wesley"]
[Black "Nepomniachtchi, Ian"]
[Result "1/2-1/2"]
[WhiteElo "2760"]
[BlackElo "2773"]
[Annotator "TA"]
[PlyCount "58"]
[EventDate "2019.11.22"]
[EventType "tourn"]
[EventCountry "IND"]
[SourceTitle "playchess.com"]
[Source "ChessBase"]
[SourceQuality "1"]

{[%evp 12,58,23,8,27,12,29,27,28,35,32,16,33,31,27,12,46,24,29,0,0,-21,8,8,27,25,9,16,65,85,84,10,50,41,84,95,39,38,35,31,37,24,38,27,43,20,93,91,75]} 1. e4 c5 2. Nf3 d6 3. d4 cxd4 4. Nxd4 Nf6 5. Nc3 a6 6. h3 e5 7. Nb3 Be7 {B90: Sicilian Najdorf: Unusual White 6th moves, 6 Be3 Ng4 and 6 Be3 e5} (7... Be6 8. f4 g6 9. Be2 Nbd7 10. g4 Rc8 11. f5 Bxb3 12. axb3 Rxc3 13. bxc3 Nxe4 14. O-O Qh4 15. Bf3 gxf5 16. Bxe4 fxe4 {½-½ (53) Caruana,F (2818)-Vachier Lagrave,M (2778) Saint Louis 2019}) 8. Be3 Be6 9. f4 exf4 {White has an edge.} 10. Bxf4 Nc6 11. Qe2 Ne5 12. O-O-O {[#] Black must now prevent Bxe5.} Nfd7 13. Kb1 O-O 14. Qe3 Rc8 {[#]} 15. Be2 $146 ({Predecessor:} 15. g4 Re8 {0-1 (33) Sengupta,D (2551)-Areshchenko,A (2654) Warsaw 2016}) 15... Qc7 16. Rhf1 Nb6 17. Qg3 Na4 {[%cal Ra4c3]} 18. Bd2 b5 19. Nd4 Qc5 20. Nxa4 bxa4 21. Qc3 (21. Bxa6 $16 Ra8 22. Nxe6 fxe6 23. Rxf8+ Kxf8 24. Be2) 21... Qa7 22. Qe3 $1 $40 {[%mdl 128] Black needs to defend precisely.} Bc4 23. Nf5 Qb7 (23... Qxe3 $16 24. Nxe7+ (24. Bxe3 Rfe8 $14) 24... Kh8 25. Bxe3 {[%mdl 64] Discovered Attack} Bxe2) 24. Bb4 Bxe2 25. Qxe2 Nc4 26. Nxe7+ Qxe7 27. Rd4 Qe6 28. b3 axb3 (28... a5 $11 {remains equal.}) 29. cxb3 $16 a5 {Accuracy: White = 78%, Black = 51%.} 1/2-1/2

[Event "Tata Steel GCT Rapid 2019"]
[Site "Kolkata"]
[Date "2019.11.23"]
[Round "6.2"]
[White "Anand, Viswanathan"]
[Black "Giri, Anish"]
[Result "0-1"]
[WhiteElo "2757"]
[BlackElo "2776"]
[Annotator "TA"]
[PlyCount "104"]
[EventDate "2019.11.22"]
[EventType "tourn"]
[EventCountry "IND"]
[SourceTitle "playchess.com"]
[Source "ChessBase"]
[SourceQuality "1"]

{[%evp 11,104,14,22,20,34,31,16,8,10,13,16,15,8,14,18,15,14,4,17,0,0,0,0,0,0,0,0,6,0,0,0,-18,-12,-17,-25,-31,-13,-58,-29,-43,-42,-54,-49,-55,-53,-48,-31,-36,-31,-35,-37,-45,-41,-43,-39,-74,-16,-10,0,0,0,-110,-111,-114,-114,-114,-116,-123,-117,-115,-111,-179,-143,-184,-168,-263,-264,-241,-247,-275,-233,-397,-254,-398,-398,-392,-392,-377,-377,-542,-530,-825,-825,-735,-647]} 1. e4 e5 2. Nf3 Nc6 3. Bc4 Nf6 4. d3 Bc5 5. O-O d6 6. c3 a6 7. a4 {C54: Giuoco Piano: 4 c3 Nf6, main lines with 5 d4 and 5 d3} Ba7 8. Re1 $146 ({Predecessor:} 8. Nbd2 O-O 9. Re1 h6 10. Nf1 Re8 11. h3 Be6 12. Bxe6 Rxe6 13. b4 d5 14. Qc2 {½-½ (48) Wang,H (2735)-Leko,P (2674) Hengshui 2019}) 8... O-O 9. h3 {The position is equal.} h6 (9... Re8 10. Nbd2 Be6 11. Bxe6 Rxe6 12. b4 d5 13. Bb2 Nh5 14. b5 Nf4 15. bxc6 {½-½ (31) Anand,V (2757)-Giri,A (2776) Bucharest 2019}) 10. Nbd2 {[%cal Bb1d2,Bd2f1,Bf1g3][%mdl 32]} Re8 11. b4 Be6 12. Bxe6 Rxe6 13. Qc2 Qd7 14. Nf1 d5 15. Ng3 Rd8 16. Bb2 b5 17. axb5 axb5 18. Rad1 dxe4 19. dxe4 Rd6 {[%cal Rd6d1]} 20. Rxd6 cxd6 21. Bc1 Ne7 22. Be3 Bxe3 23. Rxe3 Qc6 24. Rd3 {Black should prevent Nxe5!} Ra8 25. Qd1 Ra6 26. Re3 g6 27. Nd2 Kg7 28. Nb3 Qc7 29. Nf1 Ra3 30. Nfd2 Nh5 31. Qf1 Qd7 32. Re1 Nf4 33. Kh2 Qc6 (33... Ng8 $17) 34. c4 $11 bxc4 35. Na5 Qc7 {[#] ...c3 is the strong threat.} 36. Qxc4 (36. Naxc4 $11 Rc3 37. Rc1 Rxc1 38. Qxc1) 36... Qb6 $36 {[%mdl 2048] Black is really pushing.} 37. Rf1 Ra4 38. Qc3 Rxb4 39. Nac4 Qc5 40. g3 Ne6 41. f4 (41. Kg2 $17) 41... Nd4 42. Qd3 exf4 43. gxf4 (43. Rxf4 $142 Nec6 44. Qf1) 43... d5 $19 44. Ne3 dxe4 45. Nxe4 Qc6 46. Ng3 $2 {[#]} (46. Rf2) 46... Kh7 47. Qe4 (47. Ne4 {was necessary.}) 47... Rb2+ 48. Ng2 Qxe4 49. Nxe4 Nef5 50. Nf6+ (50. Kg1 $142) 50... Kg7 {Black is clearly winning.} 51. Nd5 Nh4 52. Nde3 Nxg2 {Accuracy: White = 44%, Black = 87%.} 0-1

[Event "Tata Steel GCT Rapid 2019"]
[Site "Kolkata"]
[Date "2019.11.23"]
[Round "6.3"]
[White "Vidit, Santosh Gujrathi"]
[Black "Carlsen, Magnus"]
[Result "1/2-1/2"]
[WhiteElo "2722"]
[BlackElo "2870"]
[Annotator "TA"]
[PlyCount "148"]
[EventDate "2019.11.22"]
[EventType "tourn"]
[EventCountry "IND"]
[SourceTitle "playchess.com"]
[Source "ChessBase"]
[SourceQuality "1"]

{[%evp 11,148,56,58,25,27,21,30,12,22,0,0,14,16,31,27,27,32,33,25,27,63,64,66,68,84,37,54,47,69,72,100,100,100,100,97,90,90,90,90,90,90,90,91,90,90,90,90,90,90,90,90,90,90,90,90,73,80,80,80,73,73,73,80,73,73,73,73,73,73,73,73,73,73,0,0,0,2,0,0,0,0,0,45,0,0,0,0,0,0,0,0,0,0,0,0,0,0,0,0,0,0,0,0,0,0,0,0,0,0,0,0,0,0,0,0,0,0,0,0,0,0,0,0,0,0,0,0,0,0,0,0,0,0,0,0,0,0,0,0]} 1. d4 d5 2. c4 e6 3. Nc3 c5 4. cxd5 exd5 5. Nf3 Nf6 6. Bg5 Be6 7. dxc5 {D32: Tarrasch Defence: Sidelines and lines without g3} (7. Bxf6 Qxf6 8. e4 cxd4 9. Bb5+ Nc6 10. Nxd5 Qd8 11. O-O a6 12. Bxc6+ bxc6 13. Nf4 Bc4 14. Qc2 Bd6 15. Qxc4 Bxf4 16. Qxc6+ {1-0 (23) Sarana,A (2625)-Drazic,S (2370) Skopje 2019}) 7... Bxc5 8. e3 O-O 9. Be2 {White has an edge.} h6 10. Bh4 Nc6 11. O-O Rc8 12. Rc1 Be7 13. Nd4 a6 14. Nxc6 $146 ({Predecessor:} 14. Na4 Nxd4 15. Qxd4 Rxc1 16. Rxc1 {0-1 (38) Rajlich,I (2085)-Zeng,P Szeged 1994}) 14... Rxc6 15. Bf3 Rc4 16. Bxf6 $1 Bxf6 17. Nxd5 Rxc1 18. Nxf6+ Qxf6 19. Qxc1 Bxa2 20. Bxb7 Rb8 21. Qc7 Qd8 22. Rc1 Bc4 23. Qxc4 Rxb7 $16 {[%mdl 4096] Endgame KQR-KQR} 24. b4 Qf8 25. Qxa6 Rxb4 26. h3 {[#] And now Rc8 would win.} Rb8 27. Qc4 Qd6 28. Qg4 (28. Qe4 {keeps more tension.} h5 29. Rc6 Qd7 30. Rc4 g6 31. Qf4) 28... g6 29. Rc8+ Rxc8 30. Qxc8+ {KQ-KQ} Kg7 31. Qc3+ Kg8 32. Qd4 Qe6 33. g4 Qc6 34. Qf4 Kg7 35. Kh2 Qb5 36. Qd4+ Kg8 37. Qe4 h5 38. Kg2 hxg4 39. hxg4 Kg7 40. Qd4+ Kg8 41. Kg3 Qb8+ 42. f4 ({White should play} 42. Kh3 $16) 42... g5 $1 $11 43. Qe5 gxf4+ $1 44. exf4 (44. Kxf4 {is more complex.} Qb4+ 45. Kg5 Qb6 46. Kh5 Qg6+ 47. Kh4) 44... Qb6 45. Kh4 Qh6+ 46. Kg3 Qb6 47. g5 Qg1+ {The position is equal.} 48. Kf3 Qf1+ 49. Ke3 Qe1+ 50. Kd4 Qb4+ 51. Kd3 Qb1+ 52. Kc4 Qd1 53. Kc5 Qd8 54. Qd6 Qc8+ 55. Kd4 Qc1 56. Ke5 Qc3+ 57. Kf5 Qc8+ 58. Kf6 Qc3+ 59. Ke7 {[#] Threatens to win with Qb8+.} Qe3+ 60. Kd8 Qe4 61. Qb8 f6 62. gxf6 {Intending Qb3+ and mate.} Kf7 63. Qe5 Qa8+ 64. Kc7 Qa7+ 65. Kd6 Qb6+ 66. Kd5 {Qe7+ would kill now.} Qxf6 67. Qh5+ Kg7 68. Qg4+ Kf8 69. Qc8+ Kg7 70. Qd7+ (70. Qb8 {with more complications.} Qf7+ 71. Kd4 Qd7+ 72. Kc3 Qc6+ 73. Kd2) 70... Qf7+ 71. Qxf7+ Kxf7 72. Ke5 {White wants to mate with Kf5.} Ke7 73. f5 Kf7 74. f6 Kf8 {Accuracy: White = 58%, Black = 82%.} 1/2-1/2